<?xml version="1.0" encoding="UTF-8"?>
<record
    xmlns:xsi="http://www.w3.org/2001/XMLSchema-instance"
    xsi:schemaLocation="http://www.loc.gov/MARC21/slim http://www.loc.gov/standards/marcxml/schema/MARC21slim.xsd"
    xmlns="http://www.loc.gov/MARC21/slim">

  <leader>03441nam a2200589Ia 4500</leader>
  <controlfield tag="001">779</controlfield>
  <controlfield tag="008">241029s9999    xx            000 0 und d</controlfield>
  <datafield tag="010" ind1=" " ind2=" ">
    <subfield code="a">702</subfield>
  </datafield>
  <datafield tag="041" ind1=" " ind2=" ">
    <subfield code="a">Espa&#xF1;ol</subfield>
  </datafield>
  <datafield tag="082" ind1=" " ind2=" ">
    <subfield code="a">NO APLICA</subfield>
  </datafield>
  <datafield tag="245" ind1=" " ind2="0">
    <subfield code="a">Acciones metodol&#xF3;gicas para el desempe&#xF1;o del supervisor scolar del Distrito Educativo 09-02 de Esperanza, a&#xF1;o 2012-2013.</subfield>
  </datafield>
  <datafield tag="260" ind1=" " ind2=" ">
    <subfield code="a">Valverde</subfield>
  </datafield>
  <datafield tag="300" ind1=" " ind2=" ">
    <subfield code="a">66</subfield>
  </datafield>
  <datafield tag="520" ind1=" " ind2=" ">
    <subfield code="a">30</subfield>
  </datafield>
  <datafield tag="630" ind1=" " ind2=" ">
    <subfield code="a">Competencia Profesional</subfield>
  </datafield>
  <datafield tag="630" ind1=" " ind2=" ">
    <subfield code="a">Gesti&#xF3;n Escolar</subfield>
  </datafield>
  <datafield tag="630" ind1=" " ind2=" ">
    <subfield code="a">Incidencia</subfield>
  </datafield>
  <datafield tag="630" ind1=" " ind2=" ">
    <subfield code="a">Innovaciones Educativas</subfield>
  </datafield>
  <datafield tag="630" ind1=" " ind2=" ">
    <subfield code="a">Programa de Estudios</subfield>
  </datafield>
  <datafield tag="650" ind1=" " ind2=" ">
    <subfield code="a">Gesti&#xF3;n Educativa</subfield>
  </datafield>
  <datafield tag="690" ind1=" " ind2=" ">
    <subfield code="a">Elaborado</subfield>
  </datafield>
  <datafield tag="700" ind1=" " ind2=" ">
    <subfield code="e">asesor</subfield>
    <subfield code="a">Buduen, In&#xE9;s del C.</subfield>
  </datafield>
  <datafield tag="700" ind1=" " ind2=" ">
    <subfield code="e">autor</subfield>
    <subfield code="a">Cruz Rosado, Jos&#xE9; Ram&#xF3;n </subfield>
  </datafield>
  <datafield tag="700" ind1=" " ind2=" ">
    <subfield code="e">autor</subfield>
    <subfield code="a">Fern&#xE1;ndez Acevedo, Eleuterio</subfield>
  </datafield>
  <datafield tag="700" ind1=" " ind2=" ">
    <subfield code="e">asesor</subfield>
    <subfield code="a">Rodr&#xED;guez , Eleido</subfield>
  </datafield>
  <datafield tag="901" ind1=" " ind2=" ">
    <subfield code="a">{"1":"Cruz Rosado","2":"Fern&#xE1;ndez Acevedo"}</subfield>
    <subfield code="b">{"1":"Jos&#xE9; Ram&#xF3;n ","2":"Eleuterio"}</subfield>
  </datafield>
  <datafield tag="902" ind1=" " ind2=" ">
    <subfield code="a">2</subfield>
  </datafield>
  <datafield tag="903" ind1=" " ind2=" ">
    <subfield code="a">{"1":"Rodr&#xED;guez ","2":"Buduen"}</subfield>
    <subfield code="b">{"1":"Eleido","2":"In&#xE9;s del C."}</subfield>
  </datafield>
  <datafield tag="904" ind1=" " ind2=" ">
    <subfield code="a">Maestr&#xED;a en</subfield>
  </datafield>
  <datafield tag="905" ind1=" " ind2=" ">
    <subfield code="a">Gesti&#xF3;n de Centros Educativos</subfield>
  </datafield>
  <datafield tag="906" ind1=" " ind2=" ">
    <subfield code="a">2</subfield>
  </datafield>
  <datafield tag="907" ind1=" " ind2=" ">
    <subfield code="a">NO APLICA</subfield>
  </datafield>
  <datafield tag="908" ind1=" " ind2=" ">
    <subfield code="a">NO APLICA</subfield>
  </datafield>
  <datafield tag="909" ind1=" " ind2=" ">
    <subfield code="a">Universidad Aut&#xF3;noma de Santo Domingo (UASD)</subfield>
  </datafield>
  <datafield tag="910" ind1=" " ind2=" ">
    <subfield code="a">NULL</subfield>
    <subfield code="b">NULL</subfield>
  </datafield>
  <datafield tag="911" ind1=" " ind2=" ">
    <subfield code="a">["1"]</subfield>
  </datafield>
  <datafield tag="912" ind1=" " ind2=" ">
    <subfield code="a">NO APLICA</subfield>
  </datafield>
  <datafield tag="913" ind1=" " ind2=" ">
    <subfield code="a">NULL</subfield>
  </datafield>
  <datafield tag="914" ind1=" " ind2=" ">
    <subfield code="a">13 de Abril de 2013</subfield>
  </datafield>
  <datafield tag="915" ind1=" " ind2=" ">
    <subfield code="a">31/10/19 11:10</subfield>
  </datafield>
  <datafield tag="916" ind1=" " ind2=" ">
    <subfield code="a">NULL</subfield>
  </datafield>
  <datafield tag="917" ind1=" " ind2=" ">
    <subfield code="a">NULL</subfield>
  </datafield>
  <datafield tag="918" ind1=" " ind2=" ">
    <subfield code="a">NO APLICA</subfield>
  </datafield>
  <datafield tag="919" ind1=" " ind2=" ">
    <subfield code="a">["39","201","209","118","168"]</subfield>
  </datafield>
  <datafield tag="520" ind1=" " ind2=" ">
    <subfield code="a">El objetivo principal de este estudio fue dise&#xF1;ar un sistema de acciones metodol&#xF3;gicas para el mejoramiento del desempe&#xF1;o del supervisor escolar del Distrito Educativo 09-02 de Esperanza, a&#xF1;o 2012-2013. La metodolog&#xED;a empleada fue de corte cualitativo, los m&#xE9;todos utilizados fueron el Hist&#xF3;rico-L&#xF3;gico, deductivo-inductivo, anal&#xED;tico-sint&#xE9;tico y el enfoque sist&#xE9;mico, las t&#xE9;cnicas empleadas fueron la observaci&#xF3;n, la entrevista, la encuesta y revisi&#xF3;n documental. La poblaci&#xF3;n del estudio est&#xE1; compuesta por dieciocho (18) supervisores escolares, tres (3) directivos administrativos y cuatro (4) especialistas en el tema objeto de esta investigaci&#xF3;n, las muestras coinciden con el total de la poblaci&#xF3;n.&#xA0; La sistematizaci&#xF3;n realizada posibilit&#xF3; el estudio de lo referente te&#xF3;rico y metodol&#xF3;gico que sustentan la conceptualizaci&#xF3;n del t&#xE9;rmino desempe&#xF1;o del supervisor escolar y operacional en dimensiones e indicadores, lo que facilit&#xF3; la realizaci&#xF3;n del diagn&#xF3;stico as&#xED; como la elaboraci&#xF3;n del sistema de acciones como alternativa viable para su desarrollo. &#xA0; &#xA0; &#xA0; &#xA0;&#xA0;El Sistema de Acciones Metodol&#xF3;gicas forma parte de un enfoque contextualizado y sist&#xE9;mico, que combina dos reuniones de socializaci&#xF3;n y tres talleres de inducci&#xF3;n para supervisores escolares. Las opiniones de los especialistas y la aplicaci&#xF3;n parcial de la propuesta constataron la viabilidad del Sistema de Acciones Metodol&#xF3;gicas para el mejoramiento del desempe&#xF1;o del supervisor escolar del Distrito Educativo 09-02 de Esperanza.&#xA0;El estudio recomienda que se aplique el Sistema de Acciones Metodol&#xF3;gicas propuesto en su totalidad y que se procure que los directivos del Distrito Educativo 09-02 de Esperanza reubicar a cada supervisor escolar en el &#xE1;rea de su competencia.&#xA0;</subfield>
  </datafield>
  <datafield tag="921" ind1=" " ind2=" ">
    <subfield code="a">16</subfield>
  </datafield>
  <datafield tag="922" ind1=" " ind2=" ">
    <subfield code="a">16</subfield>
  </datafield>
  <datafield tag="923" ind1=" " ind2=" ">
    <subfield code="a">0</subfield>
  </datafield>
  <datafield tag="924" ind1=" " ind2=" ">
    <subfield code="a">NO APLICA</subfield>
  </datafield>
  <datafield tag="942" ind1=" " ind2=" ">
    <subfield code="c">Tesis</subfield>
  </datafield>
  <datafield tag="999" ind1=" " ind2=" ">
    <subfield code="c">702</subfield>
    <subfield code="d">702</subfield>
  </datafield>
</record>
